[Event "Bern Training"]
[Site "Bern"]
[Date "1992.??.??"]
[Round "3"]
[White "Landenbergue, Claude"]
[Black "Gavrikov, Viktor"]
[Result "1-0"]
[WhiteElo "2410"]
[BlackElo "2560"]

1.e4 g6 2.d4 Bg7 3.Nc3 c6 4.Nf3 d5 5.h3 Nh6 6.Bf4 f6 7.exd5 cxd5 8.Bxb8 Rxb8
9.Bb5+ Kf7 10.Qe2 e6 11.O-O a6 12.Bd3 Re8 13.a4 Kg8 14.Rad1 Bd7 15.Nd2 Nf7
16.Nb3 Bc6 17.Qg4 Nd6 18.h4 f5 19.Qh3 Nc4 20.Bxc4 dxc4 21.Nc1 Qb6 22.N1e2 Qxb2
23.h5 e5 24.hxg6 hxg6 25.dxe5 Bxe5 26.Nd4 Rbd8 27.Nxc6 bxc6 28.Rxd8 Rxd8
29.Qh4 Rd7 30.Qxc4+ Kg7 31.Qe6 Qxc3 32.Qxd7+ Kh6 33.Qd3 Qb4 34.Rd1 Qxa4 35.g3 f4
36.Kg2 a5 37.Rh1+ Kg5 38.Rh4 Qb4 39.Rg4+  1-0

[Event "Biel op"]
[Site "Biel"]
[Date "1992.??.??"]
[Round "6"]
[White "Lee, Graham D"]
[Black "Sokolin, Leonid M"]
[Result "0-1"]
[WhiteElo "2335"]
[BlackElo "2435"]

1.e4 g6 2.d4 Bg7 3.Nc3 c6 4.Nf3 d5 5.e5 Bg4 6.Be2 e6 7.Bf4 Nd7 8.Qd2 Ne7
9.Bh6 Bxh6 10.Qxh6 Nf5 11.Qf4 Bxf3 12.Bxf3 h5 13.h4 b5 14.Ne2 Rc8 15.Qg5 c5
16.Qxd8+ Kxd8 17.c3 b4 18.Kd2 Nb6 19.Kd3 a5 20.g3 Kd7 21.Rhc1 Rc7 22.Bg2 Na4
23.b3 c4+ 24.bxc4 Nb2+ 25.Kd2 Nxc4+ 26.Kd3 Rb8 27.Rab1 Rb6 28.Bh3 Ne7 29.g4 hxg4
30.Bxg4 Nc6 31.f4 bxc3 32.Rxb6 Nxb6 33.Nxc3 Nb4+ 34.Kd2 Nc4+ 35.Ke2 Na3 36.h5 gxh5
37.Bxh5 Ke7 38.Bg4 Nac2 39.Kd2 Nxd4 40.Rf1 Rc4 41.f5 Ndc6 42.f6+ Kd7 43.Rg1 Nxe5
44.Be2 d4 45.Bxc4 Nxc4+ 46.Kc1 dxc3 47.Rg7 Ne5  0-1

[Event "Biel op"]
[Site "Biel"]
[Date "1992.??.??"]
[Round "7"]
[White "Meijers, Viesturs"]
[Black "Gutman, Lev"]
[Result "1-0"]
[WhiteElo "2375"]
[BlackElo "2445"]

1.e4 g6 2.d4 Bg7 3.Nc3 c6 4.Nf3 Nf6 5.Be2 O-O 6.Bf4 d5 7.e5 Ne4 8.Nxe4 dxe4
9.Ng5 c5 10.dxc5 Qc7 11.Qd5 Nc6 12.h4 Bf5 13.g4 Rad8 14.Qc4 Bxe5 15.Be3 Be6
16.Nxe6 fxe6 17.Qxe6+ Kh8 18.c3 Bf4 19.Qxe4 Bxe3 20.Qxe3 Rd5 21.b4 Re5 22.Qg3 Rf4
23.Kf1 Re6 24.Re1 Ref6 25.Bd1 e5 26.Rh2 Qf7 27.Qe3 a6 28.a4 Qc4+ 29.Be2 Qd5
30.Rd1 Rxf2+ 31.Qxf2 Rxf2+ 32.Kxf2 Qe4 33.b5 axb5 34.axb5 Ne7 35.c6 bxc6
36.b6 c5 37.Bf3 Qf4 38.Rh3 e4 39.Re1  1-0

[Event "Bucharest-B"]
[Site "Bucharest"]
[Date "1992.??.??"]
[Round "?"]
[White "Micalizzi, Giovanni"]
[Black "Nevednichy, Vladislav"]
[Result "0-1"]
[WhiteElo "2325"]
[BlackElo "2455"]

1.e4 g6 2.Nc3 Bg7 3.d4 c6 4.Bc4 d6 5.Qf3 e6 6.Nge2 Qe7 7.O-O Nd7 8.Bb3 Ngf6
9.Re1 O-O 10.Ng3 e5 11.Nce2 exd4 12.Nxd4 Nc5 13.Bg5 Qe5 14.Bd2 h5 15.h4 d5
16.Bc3 dxe4 17.Qe3 Ng4 18.Qe2 Qe7 19.Nxe4 Nxe4 20.Qxe4 Qxh4 21.f3 Qh2+  0-1

[Event "Bucharest"]
[Site "Bucharest"]
[Date "1992.??.??"]
[Round "?"]
[White "Milu, Romeo Sorin"]
[Black "Lupu, Mircea Sergiu"]
[Result "0-1"]
[WhiteElo "2420"]
[BlackElo "2435"]

1.e4 g6 2.d4 Bg7 3.Nc3 c6 4.Bc4 d6 5.Qf3 e6 6.Bf4 d5 7.Bb3 Nf6 8.Nge2 O-O
9.O-O a5 10.a3 Nbd7 11.Ng3 Nb6 12.Rad1 a4 13.Ba2 Ne8 14.Be5 f6 15.Bf4 Nd6
16.exd5 cxd5 17.Bc1 Nbc4 18.Rfe1 Qc7 19.Nge2 Bd7 20.Nf4 Rae8 21.h4 f5 22.Nh3 Ne4
23.h5 b5 24.hxg6 hxg6 25.Ne2 Bf6 26.Qd3 Kg7 27.f3 Ned6 28.Qc3 Qb6 29.b3 Na5
30.Qc5 Qa6 31.Qb4 Rc8 32.Qd2 Rh8 33.Nf2 Rb8 34.Qb4  0-1

[Event "Spring op"]
[Site "Budapest"]
[Date "1992.??.??"]
[Round "?"]
[White "Tolnai, Tibor"]
[Black "Poley, Vladimir"]
[Result "1-0"]
[WhiteElo "2490"]
[BlackElo "2290"]

1.e4 g6 2.d4 Bg7 3.Nc3 c6 4.f4 d5 5.e5 f6 6.Nf3 Nh6 7.Be3 Bg4 8.h3 Bxf3 9.Qxf3 O-O
10.exf6 exf6 11.g4 f5 12.O-O-O Qd7 13.Rg1 a5 14.Na4 Qd6 15.Nc5 Nd7 16.Nd3 a4
17.g5 Nf7 18.h4 Rfe8 19.Ne5 a3 20.b3 Qe6 21.h5 Nd6 22.hxg6 hxg6 23.Bd3 Ne4
24.Bxe4 fxe4 25.Qg2 c5 26.Nxd7 Qxd7 27.dxc5 Rad8 28.Bd4 Bxd4 29.Rxd4 Qc7
30.Qd2 Qxc5 31.Re1 Rd6 32.Re3 Rc8 33.Rexe4 dxe4 34.Rxd6 Qg1+ 35.Qd1 Qe3+
36.Kb1 Qc3 37.Rxg6+ Kf7 38.Rf6+ Kg7 39.Qd7+ Kg8 40.Qf7+  1-0

[Event "Wch U20"]
[Site "Buenos Aires"]
[Date "1992.??.??"]
[Round "?"]
[White "Escobar Forero, Alder"]
[Black "Rocha, Sergio"]
[Result "1/2-1/2"]
[WhiteElo "2215"]
[BlackElo "2310"]

1.e4 g6 2.d4 Bg7 3.Nc3 c6 4.Be3 b5 5.a3 d6 6.Qd2 Nd7 7.f3 Nb6 8.d5 a6 9.dxc6 Qc7
10.Bd4 Nf6 11.O-O-O Qxc6 12.g4 h6 13.h4 Be6 14.Rh2 Kf8 15.g5 hxg5 16.hxg5 Rxh2
17.Qxh2 Nh5 18.f4 Bxd4 19.Rxd4 Qc5 20.Nge2 Bg4 21.Bh3 Bxh3 22.Qxh3 Rc8 23.f5 a5
24.b4 axb4 25.axb4 Qe5 26.fxg6 Qxg5+ 27.Kb1 fxg6 28.Rd5 Rxc3 29.Nxc3 Nxd5
30.Nxd5 Nf6 31.Qf1 Qe5 32.Qxb5 Nxe4 33.Qb8+ Kg7 34.Nc7 Nc3+ 35.Kc1 Qe3+ 36.Kb2 Na4+
37.Kb1 Qe1+ 38.Ka2 Qc3 39.Ne6+ Kh6 40.Qf8+ Kh5 41.Nf4+ Kg4 42.Nd3 Qxc2+ 43.Ka3 Nc3
44.Qf4+ Kh3 45.Qh6+ Kg3 46.Qxg6+ Kh4 47.Qh6+ Kg4 48.Qg6+ Kh4 49.Qh6+ Kg4
50.Qg6+ Kh4 51.Qh7+ Kg3  1/2-1/2

[Event "Buenos Aires Najdorf qual"]
[Site "Buenos Aires"]
[Date "1992.??.??"]
[Round "1"]
[White "Giaccio, Alfredo"]
[Black "Biaggi, Eduardo"]
[Result "1/2-1/2"]
[WhiteElo "2370"]
[BlackElo "2265"]

1.e4 g6 2.d4 Bg7 3.Nc3 c6 4.Bc4 d6 5.Nf3 Nf6 6.a4 O-O 7.Bb3 Qc7 8.O-O Nbd7
9.Qe2 e5 10.dxe5 dxe5 11.Be3 Ng4 12.Bg5 Nc5 13.Ba2 Be6 14.b4 Bxa2 15.bxc5 Be6
16.h3 Nf6 17.a5 b5 18.axb6 axb6 19.Na4 b5 20.Nb6 Rxa1 21.Rxa1 h6 22.Bxf6 Bxf6
23.c4 Qe7 24.Qe3 bxc4 25.Rc1  1/2-1/2

[Event "GEBA"]
[Site "Buenos Aires"]
[Date "1992.??.??"]
[Round "7"]
[White "Fabrega, Enrique"]
[Black "Biaggi, Eduardo"]
[Result "0-1"]
[WhiteElo "2260"]
[BlackElo "2265"]

1.e4 g6 2.d4 Bg7 3.Nc3 c6 4.Bc4 d6 5.Nge2 Nf6 6.Bd3 e5 7.O-O O-O 8.h3 Nbd7
9.Be3 Re8 10.Qd2 b5 11.a3 a6 12.dxe5 dxe5 13.Ng3 Qe7 14.Rad1 Bb7 15.Be2 Rad8
16.Qd6 Qxd6 17.Rxd6 Bf8 18.Rd2 Nc5 19.Rfd1 Ne6 20.Rxd8 Rxd8 21.Rxd8 Nxd8
22.f3 Ne6 23.Nb1 Bc5 24.Bxc5 Nxc5 25.Kf2 Kf8 26.Nf1 Ke7 27.Nfd2 Ne6 28.c3 c5
29.b3 Nd7 30.Bd3 Ng7 31.Nf1 f5 32.exf5 gxf5 33.g4 e4 34.fxe4 fxg4 35.hxg4 Ne5
36.Be2 Bxe4 37.Nbd2 Bc6 38.Ne3 Kf6 39.a4 Ne6 40.axb5 axb5 41.Kg3 Ng5 42.Nc2 Nef7
43.Na3 Nd6 44.Bd3 Ke5 45.b4 cxb4 46.cxb4 Kd4 47.Bf5 Kc3 48.Nf1 Kxb4 49.Nxb5 Bxb5
50.Ne3 Kc5 51.Kf4 Ndf7 52.Nd1 Kd4 53.Nf2 Bc6 54.Bb1 Bd7 55.Bc2 h6 56.Nh1 Ne5
57.Nf2 Nc4 58.Bf5 Bc6 59.Bc8 Nd6 60.Bf5 Bb5 61.Bb1 Ne6+ 62.Kg3 Ke5 63.Kh4 Be8
64.Nh3 Kf6 65.Bc2 Ng5 66.Nf4 Bf7 67.Bb1 Nf3+ 68.Kg3 Nd2 69.Bc2  0-1

[Event "BUL-ch"]
[Site "BUL"]
[Date "1992.??.??"]
[Round "1"]
[White "Genov, Petar"]
[Black "Grigorov, Jordan N"]
[Result "1-0"]
[WhiteElo "2450"]
[BlackElo "2390"]

1.d4 g6 2.e4 Bg7 3.Nc3 c6 4.Bc4 d5 5.exd5 b5 6.Bb3 b4 7.Nce2 cxd5 8.a3 bxa3
9.Rxa3 Nf6 10.Nf3 O-O 11.O-O Nc6 12.c3 e6 13.Nf4 Na5 14.Ba2 Bd7 15.Re1 Bb5
16.Ne5 Nc6 17.Nxc6 Bxc6 18.Nd3 Bb5 19.Nc5 Nd7 20.b4 Nxc5 21.bxc5 a5 22.Bf4 Qd7
23.h3 Rfe8 24.Qd2 Bc6 25.Bd6 Bf8 26.Bg3 f6 27.Rb3 Be7 28.h4 a4 29.Rbb1 Rac8
30.h5 g5 31.f4 h6 32.fxg5 hxg5 33.Rf1 Bd8 34.Rbe1 Qg7 35.c4 Bc7 36.Bxc7 Rxc7
37.cxd5 exd5 38.Bxd5+ Kh8 39.Bc4 Rxe1 40.Qxe1 f5 41.Qe8+ Kh7 42.Qg6+  1-0

[Event "Calcutta"]
[Site "Calcutta"]
[Date "1992.??.??"]
[Round "1"]
[White "Neelakantan, Narayanan"]
[Black "Parameswaran, Tiruchi N"]
[Result "0-1"]
[WhiteElo "2230"]
[BlackElo "2365"]

1.e4 g6 2.d4 Bg7 3.Nc3 c6 4.f3 d5 5.Be3 dxe4 6.fxe4 Qb6 7.Qd2 Qxb2 8.Rb1 Qa3
9.Nf3 Nf6 10.Bc4 O-O 11.O-O b5 12.Bb3 e6 13.e5 Nd5 14.Bxd5 exd5 15.Rb3 Qe7
16.Ne2 Nd7 17.Bg5 f6 18.Bh4 Nb6 19.Re1 Nc4 20.Qc1 Qf7 21.Bg3 Bf5 22.exf6 Bxf6
23.Ne5 Qb7 24.Rf3 Be4 25.Nxc4 Bxf3 26.Nd6 Qd7 27.gxf3 Be7 28.Be5 Bxd6 29.Ng3 Rxf3
30.Qh6 Raf8 31.Kg2 Bxe5 32.dxe5 Qg4 33.Kg1 Rf2 34.e6 Qf3  0-1

[Event "Calcutta"]
[Site "Calcutta"]
[Date "1992.??.??"]
[Round "3"]
[White "Srinivasa, Raghavan K"]
[Black "Ravisekhar, Raja"]
[Result "1/2-1/2"]
[WhiteElo "2280"]
[BlackElo "2400"]

1.e4 g6 2.d4 Bg7 3.Nc3 c6 4.Nf3 d5 5.e5 f6 6.Bf4 Nh6 7.exf6 exf6 8.Bd3 O-O
9.Qd2 Re8+ 10.Ne2 Nf7 11.h4 Bg4 12.O-O-O Nd7 13.Nh2 Bxe2 14.Bxe2 f5 15.Nf3 Nf6
16.Bd3 Ne4 17.Bxe4 dxe4 18.Ng5 Qd5 19.Kb1 Rad8 20.Qb4 Qb5 21.Qxb5 cxb5 22.d5 Nxg5
23.Bxg5 Rd7 24.b3 b4 25.h5 gxh5 26.Be3 Red8 27.Bg5 Re8 28.Bf4 Be5 29.Be3 Red8
30.Bg5 Rc8 31.Be3 Rcd8  1/2-1/2

[Event "Calimanesti (Women)"]
[Site "Calimanesti"]
[Date "1992.??.??"]
[Round "?"]
[White "Lupu, Smaranda  B"]
[Black "Safranska, Anda"]
[Result "0-1"]
[WhiteElo "2205"]
[BlackElo "2260"]

1.e4 g6 2.d4 Bg7 3.Nc3 c6 4.Be2 d5 5.exd5 cxd5 6.Bf4 a6 7.Nf3 Bg4 8.h3 Bxf3
9.Bxf3 e6 10.Ne2 Nc6 11.c3 b5 12.O-O Nge7 13.Qd2 Nf5 14.Ng3 Nd6 15.Rfe1 O-O
16.Re2 Rc8 17.Bh6 a5 18.a3 b4 19.Bxg7 Kxg7 20.a4 bxc3 21.bxc3 Rb8 22.Qc1 Nc4
23.Nf1 Qc7 24.h4 Rfc8 25.h5 Ne7 26.Ng3 Ng8 27.hxg6 hxg6 28.Qg5 Qd8 29.Nh5+ Kf8
30.Qxd8+ Rxd8 31.Nf4 Nf6 32.Rc2 Rdc8 33.Nd3 Nd7 34.Be2 Rb3 35.Nc1 Ra3 36.Raa2 Rxa2
37.Rxa2 Nd6 38.Ra3 Ne4 39.Bb5 Nb6 40.Ne2 Nc4 41.Ra2 Ncd6 42.Ra3 Rb8 43.f3 Nd2
44.Bd3 Rb2 45.Nc1 Nb1 46.Ra2 Rb8 47.Ne2 Nc4 48.Kf2 Nba3 49.Nc1 Rb2+ 50.Ke1 Rxa2
51.Nxa2 Nb2 52.Nc1 Nxa4 53.Nb3 Nb2 54.Ba6 a4 55.Nc1 Nac4 56.Ke2 Ke7 57.Na2 a3
58.Bb5 f6 59.g3 g5 60.f4 Nd6 61.Ba6 g4 62.Kf2 Ne4+ 63.Kg2 Nd1 64.Bd3 Nexc3
65.Nc1 f5 66.Nb3 a2 67.Kf1 Ne4  0-1

[Event "Cannes Martinez op"]
[Site "Cannes"]
[Date "1992.??.??"]
[Round "?"]
[White "Salaun, Yann"]
[Black "Lupu, Mircea Sergiu"]
[Result "1-0"]
[WhiteElo "2335"]
[BlackElo "2435"]

1.e4 g6 2.d4 Bg7 3.Nc3 c6 4.Nf3 d6 5.h3 Nf6 6.a4 O-O 7.Be3 a5 8.Be2 Na6 9.O-O Qc7
10.Re1 Nb4 11.Qc1 Re8 12.Bf1 e5 13.dxe5 dxe5 14.Nd2 b6 15.Nc4 Nd7 16.Nb1 Na6
17.Rd1 Bf8 18.Rxd7 Bxd7 19.Nxb6 Nc5 20.Nxa8 Rxa8 21.Nd2 Rb8 22.c3 Ne6 23.Nc4 f5
24.exf5 gxf5 25.Bh6 Be7 26.Qd2 Nc5 27.Rd1 Be6 28.Qe3 Ne4 29.Qf3 Bf6 30.Bd3 Nc5
31.Bxf5 Bd5 32.Rxd5 cxd5 33.Qxd5+ Kh8 34.Nd6 Nb7 35.Nf7+ Kg8 36.Ng5+ Kh8
37.Qe6 Qe7 38.Nf7+ Kg8 39.Bxh7+  1-0

[Event "Cappelle op"]
[Site "Cappelle la Grande"]
[Date "1992.??.??"]
[Round "4"]
[White "Mateus, Manuel"]
[Black "Seret, Jean Luc"]
[Result "0-1"]
[WhiteElo "2255"]
[BlackElo "2415"]

1.e4 g6 2.d4 Bg7 3.Nc3 c6 4.f4 d5 5.e5 h5 6.Bd3 Nh6 7.Nf3 Bf5 8.Be3 e6 9.Bf2 Bf8
10.Bh4 Be7 11.Bxe7 Qxe7 12.Qd2 Nd7 13.Ne2 Nb6 14.b3 a5 15.a4 Bg4 16.O-O Nd7
17.c4 Nf5 18.cxd5 cxd5 19.Rac1 Qd8 20.h3 Bxf3 21.Rxf3 Nb8 22.Bxf5 gxf5 23.Nc3 Nc6
24.Nb5 Qb6 25.Nd6+ Kf8 26.Nb5 Rg8 27.Kh2 Rg6 28.Qf2 Qd8 29.Nd6 Qe7 30.Rfc3 Kg7
31.Rc5 Rg8 32.Rb5 Nd8 33.Nc8 Qa3 34.Rg1 Kh6 35.Nd6 Rg3 36.Qc2 h4 37.Nxb7 Nc6
38.Qf2 Nxd4 39.Rb6 Nxb3 40.Nd6 Kg6 41.Nxf5 Kxf5 42.Qc2+ Kxf4 43.Qf2+ Ke4
44.Re1+ Kd3 45.Qe2+ Kc3 46.Rc6+ Nc5 47.Qb5 Rxg2+ 48.Kh1 Kd4 49.Rd1+ Kxe5
50.Rxd5+ exd5 51.Re6+ Kf5 52.Qf1+ Rf2 53.Qb1+ Nd3 54.Rf6+ Kg5  0-1

[Event "JUG-chT"]
[Site "Cetinje"]
[Date "1992.??.??"]
[Round "?"]
[White "Stepovaia Dianchenko, Tatiana"]
[Black "Petrovic, Marija"]
[Result "1-0"]
[WhiteElo "2350"]
[BlackElo "2270"]

1.e4 g6 2.d4 Bg7 3.Nc3 c6 4.Be3 d6 5.f3 Nd7 6.Qd2 Qa5 7.Nge2 b5 8.g4 Bb7
9.Ng3 b4 10.Nd1 Qb6 11.Be2 a5 12.O-O c5 13.c3 Ngf6 14.g5 Ng8 15.Nf2 h5 16.gxh6 Bxh6
17.Ng4 Bxe3+ 18.Nxe3 Ngf6 19.Rfe1 Qc7 20.d5 Nb6 21.Bb5+ Kf8 22.Bf1 Bc8 23.a3 b3
24.c4 Bh3 25.Qc3 a4 26.Re2 Qd7 27.f4 Bxf1 28.Rxf1 Qh3 29.e5 Nfd7 30.Rf3 Qh4
31.Ref2 Ke8 32.exd6 exd6 33.Ne4 Nc8 34.Rg3 Kd8 35.Ng5 Rh5 36.Nxf7+ Kc7 37.Ng5 Ne7
38.Rg4 Rxg5 39.Rxg5 Qh3 40.Nd1 Qh7 41.Qd3 Nf5 42.Nc3 Qf7 43.Nb5+ Kb6 44.Re2 Re8
45.Rgg2 Nf6 46.Rxe8 Nxe8 47.Nc3 Nd4 48.Ne2 Nf5 49.Qe4 Neg7 50.Nc3 Ka5 51.Qe1 Nh5
52.Rf2 Nhg7 53.Re2 Ka6 54.Nb5 Kb6 55.Re4 Qf6 56.Nc3 Nd4 57.Nxa4+ Ka6 58.Qf2 g5
59.Nc3 Ngf5 60.Ne2 Nc2 61.Nc3 Ncd4 62.Qg2 gxf4 63.Qg8 Kb7 64.Re8 Qg5+ 65.Qxg5 Nf3+
66.Kf2 Nxg5 67.Ne4 Nf7 68.Rf8 N7h6 69.h3 Kc7 70.Rf6 f3 71.a4 Kb7 72.Nxd6+ Nxd6
73.Rxd6 Nf5 74.Rf6  1-0

[Event "JUG-chT"]
[Site "Cetinje"]
[Date "1992.??.??"]
[Round "?"]
[White "Vuksanovic, Sanja"]
[Black "Petrovic, Marija"]
[Result "1-0"]
[WhiteElo "2270"]
[BlackElo "2270"]

1.e4 g6 2.d4 Bg7 3.Nc3 c6 4.f4 d5 5.e5 h5 6.Nf3 Bf5 7.Be3 e6 8.h3 h4 9.Be2 Bf8
10.Qd2 Nd7 11.Bf2 Be7 12.O-O Qa5 13.Ng5 a6 14.a3 c5 15.b4 cxb4 16.axb4 Qc7
17.Nb5 Qb6 18.c4 Qd8 19.Na3 dxc4 20.Nxc4 b5 21.Ne3 Bxg5 22.Nxf5 gxf5 23.fxg5 Ne7
24.Bf3 Rc8 25.Rfe1 Nb8 26.Rec1 Kf8 27.Rxc8 Qxc8 28.Rc1 Qd7 29.d5 Nxd5 30.Rc5 Nb6
31.Qf4 Qd3 32.g6 N8d7 33.Qg5 fxg6 34.Rc7 Nc4 35.Qd8+ Kg7 36.Rxd7+ Qxd7 37.Qxd7+ Kh6
38.Qxe6 a5 39.bxa5 Nxa5 40.Be3+  1-0

[Event "Chicago Masters"]
[Site "Chicago"]
[Date "1992.??.??"]
[Round "?"]
[White "Levin, David"]
[Black "Burnett, Kevin"]
[Result "0-1"]
[WhiteElo "2295"]
[BlackElo "2290"]

1.d4 g6 2.e4 Bg7 3.Nc3 c6 4.Nf3 d5 5.h3 Nf6 6.Bd3 dxe4 7.Nxe4 Nxe4 8.Bxe4 Nd7
9.O-O O-O 10.Re1 c5 11.Bg5 cxd4 12.Bxe7 Qxe7 13.Bxb7 Qxe1+ 14.Qxe1 Bxb7 15.Qe7 Bxf3
16.gxf3 Ne5 17.Kg2 Rfe8 18.Qc5 Rac8 19.Qxd4 Nxf3 20.Qxa7 Bxb2 21.Rd1 Ne5
22.Qa4 g5 23.Rd5 Bc1 24.Rc5 Ng6 25.Rxc8 Rxc8 26.c4 Bf4 27.Qa6 Rb8 28.c5 Rb1
29.Kf3 Re1 30.Kg4 Kg7 31.a4 h5+ 32.Kxh5 Re6 33.Qb6 Ne5 34.a5 Nd7 35.Kg4 Nxb6
36.cxb6 Kg6 37.h4 f5+ 38.Kf3 Bc1  0-1

[Event "CSR-chT"]
[Site "CSR"]
[Date "1992.??.??"]
[Round "?"]
[White "Franzen, Josef"]
[Black "Duriga, Stefan"]
[Result "1-0"]
[WhiteElo "2315"]
[BlackElo "2255"]

1.e4 g6 2.d4 Bg7 3.Nc3 c6 4.Nf3 d5 5.h3 dxe4 6.Nxe4 Nd7 7.Bc4 Ngf6 8.Ng3 O-O
9.O-O Qc7 10.Re1 Nb6 11.Bb3 Nbd5 12.Qe2 b5 13.a4 a6 14.axb5 cxb5 15.Ne5 Bb7
16.Bg5 h6 17.Bd2 Kh7 18.c3 e6 19.Bc2 Ne7 20.h4 Kh8 21.h5 g5 22.f4 g4 23.Qd3 Rac8
24.Nxg4 Ned5 25.Nxf6 Nxf6 26.f5 Rg8 27.fxe6 Bf8 28.Re5 Bd6 29.exf7 Qxf7 30.Rf1 Bxe5
31.dxe5 Rcd8 32.Rxf6 Rxd3 33.Rxf7 Rgxg3 34.Bxd3 Rxg2+ 35.Kf1 Rxd2 36.Rh7+ Kg8
37.Rd7 Kf8 38.Ke1 Bc6 39.Rd6  1-0

[Event "Czestochowa op"]
[Site "Czestochowa"]
[Date "1992.??.??"]
[Round "2"]
[White "Voloshin, Leonid"]
[Black "Chernov, Vadim"]
[Result "1-0"]
[WhiteElo "2395"]
[BlackElo "2430"]

1.d4 g6 2.e4 Bg7 3.Nc3 c6 4.Be3 d5 5.Qd2 dxe4 6.Nxe4 Nd7 7.O-O-O Ngf6 8.Nc3 Nb6
9.Bh6 Bxh6 10.Qxh6 Nbd5 11.Qd2 Nxc3 12.Qxc3 Qd5 13.b3 O-O 14.Nf3 Bg4 15.Be2 Qd6
16.Kb2 b5 17.h3 Be6 18.Ne5 Bd5 19.f3 a5 20.a3 Ra7 21.Qc5 Rb7 22.Rhe1 Nh5
23.Bf1 Nf4 24.Qxd6 exd6 25.Ng4 Kg7 26.Nf2 f5 27.Re3 Bf7 28.Nd3 Nd5 29.Re2 b4
30.axb4 axb4 31.Ra1 Rbb8 32.Ra6 Rfc8 33.Re1 Ra8 34.Rxa8 Rxa8 35.f4 Ra5 36.g3 c5
37.dxc5 dxc5 38.Bg2 Nc3 39.Ra1 Rxa1 40.Kxa1 Ne2 41.Nxc5 Nxg3 42.Bf3 Kf6 43.Nd3 g5
44.Nxb4 gxf4 45.Nd3 Bh5 46.Bxh5 Nxh5 47.Kb2 f3 48.Kc3 Kg5 49.b4 Nf4 50.Kd2 Ne6
51.Ke3 Kh4 52.Kf2 Kxh3 53.b5 Kg4 54.b6 Nd8 55.c4 f4 56.c5  1-0

[Event "EU-chT (Men)"]
[Site "Debrecen"]
[Date "1992.??.??"]
[Round "6"]
[White "Leko, Peter"]
[Black "Bricard, Emmanuel"]
[Result "0-1"]
[WhiteElo "2385"]
[BlackElo "2430"]

1.e4 g6 2.d4 Bg7 3.Nc3 c6 4.Nf3 d6 5.Be2 Nf6 6.O-O O-O 7.a4 Nbd7 8.Re1 a5
9.Bf1 e5 10.h3 exd4 11.Nxd4 Nc5 12.Nf3 Re8 13.e5 dxe5 14.Qxd8 Rxd8 15.Nxe5 Be6
16.Nc4 Ncd7 17.Bf4 Nd5 18.Nxd5 cxd5 19.Ne5 Rac8 20.Bd3 Nc5 21.Bb5 Bf5 22.c3 d4
23.cxd4 Nb3 24.Ra2 Rxd4 25.Bg3 Be6 26.Kh2 Rd2 27.Nf3 Rdc2 28.Ng5 Bd5 29.Rd1 Nd4
30.Ra3 h6 31.Nf3 Bxf3 32.gxf3 Nxb5 33.axb5 Rxb2 34.Rxa5 b6 35.Ra6 Rxb5 36.Rd6 Rb8
37.Rc6 Rb7 38.Bf4 Bd4 39.Bxh6 Bxf2 40.Bf4 Ra5 41.Rxa5 bxa5 42.Be5 Kf8 43.Kg2 Bb6
44.Kg3 Ke8 45.Kf4 Bd8 46.Ke4 Rb6 47.Rc2 a4 48.f4 f5+ 49.Kd5 Ra6 50.Ra2 a3
51.Kc4 Kf7 52.Kb3 Bf6 53.Bxf6 Kxf6 54.h4 Kg7  0-1

[Event "EU-chT (Women)"]
[Site "Debrecen"]
[Date "1992.??.??"]
[Round "7"]
[White "Peptan, Corina"]
[Black "Gurieli, Nino"]
[Result "0-1"]
[WhiteElo "2315"]
[BlackElo "2375"]

1.e4 g6 2.d4 Bg7 3.Nc3 c6 4.Be3 d5 5.Nf3 dxe4 6.Nxe4 Nh6 7.c3 O-O 8.Bc4 Nd7
9.O-O Nf5 10.Bf4 Nb6 11.Bb3 Nd5 12.Bd2 b5 13.a4 bxa4 14.Rxa4 Nd6 15.Qe2 Nxe4
16.Qxe4 Rb8 17.Ra3 Bf5 18.Qe2 a5 19.Ne5 Qc7 20.Nd3 Rfe8 21.Nc5 Ra8 22.f4 Nf6
23.Rfa1 Nd7 24.Ne4 Bxe4 25.Qxe4 e6 26.c4 Qd6 27.Be3 c5 28.Rd1 cxd4 29.Bxd4 Nc5
30.Qe3 Bxd4 31.Qxd4 Qxd4+ 32.Rxd4 Reb8 33.Bd1 Rxb2 34.Bf3 Ra7 35.Rd8+ Kg7
36.Rc8 Rb3 37.Ra1 Nd3 38.c5 Rc3 39.c6 Nxf4 40.Rd1 Nd3 41.Be4 Ne5 42.Rd7 Rxc6
43.Rxa7 Rxc8 44.Rxa5 Ng4  0-1

[Event "EU-chT (Women)"]
[Site "Debrecen"]
[Date "1992.??.??"]
[Round "9"]
[White "Klinova, Masha"]
[Black "Gurieli, Nino"]
[Result "1/2-1/2"]
[WhiteElo "2205"]
[BlackElo "2375"]

1.e4 g6 2.d4 Bg7 3.Nc3 c6 4.Be3 d5 5.e5 Nh6 6.f4 f6 7.Nf3 O-O 8.Be2 Bg4 9.O-O Nf5
10.Bf2 Bh6 11.Qd2 Bxf3 12.Bxf3 fxe5 13.dxe5 e6 14.Ne2 Nd7 15.Qe1 Ng7 16.Qb4 b6
17.Bg4 c5 18.Qa4 g5 19.Bg3 c4 20.Qc6 Nc5 21.Rad1 Rc8 22.Qd6 Qe8 23.fxg5 Rxf1+
24.Rxf1 Bxg5 25.Nf4 Rc6 26.Bxe6+ Ncxe6 27.Qxd5 Bxf4 28.Bxf4 Rc5 29.Qe4 Nxf4
30.Qxf4 Rxe5 31.Qxc4+ Re6 32.h3 Qc6 33.Qd3 Qd6 34.Qf3 Qc5+ 35.Kh1 Qe7 36.Qa8+ Ne8
37.Qd5 Kg7 38.Rf3 Qd6 39.Qg5+ Rg6 40.Qf5 Nf6 41.Rd3 Qc6 42.Rf3 Qd7 43.Qe5 Qb7
44.b4 b5 45.Qd4 a6 46.c4 Qd7 47.Qc5 bxc4 48.Qxc4 Qd2 49.g4 Nd5 50.Qe4 Rf6
51.Rxf6 Nxf6 52.Qb7+ Kg6 53.Qxa6 Qxb4 54.Qe6 Qb1+ 55.Kh2 Qc1 56.Kg2 Kg7 57.Qe5 Kg6
58.Qe6 Qc7 59.h4 h6 60.Kh3 Qc2 61.Kg3 Qd3+ 62.Kg2 Qd2+ 63.Kg3 Qc3+ 64.Kg2 Qc5
65.Kg3 Kg7 66.Kf3 Qc3+ 67.Kg2 Qd4 68.Kf3 Qd1+ 69.Kg3 Qg1+ 70.Kf3 Qh1+ 71.Kg3 h5
72.Qe7+ Kg6 73.gxh5+ Nxh5+ 74.Kf2 Nf6 75.Qd6 Qh3 76.a3 Qf5+ 77.Ke2 Qg4+ 78.Kf2 Qf5+
79.Ke2 Kh5 80.Qd3 Qe6+ 81.Qe3 Qc4+ 82.Qd3 Qxh4 83.Qf5+ Kh6 84.Kf3 Kg7 85.Qf4 Qh1+
86.Kf2 Kg6 87.Qg3+ Kf7 88.Qb3+ Kf8 89.Qb8+ Ke7 90.Qe5+ Kf7 91.Qc7+ Ke6 92.Qc8+ Ke5
93.Qc3+ Ke6 94.Qc8+ Nd7 95.Qe8+ Kd6 96.Qg6+ Kc7 97.Qg3+ Kc8 98.Qg8+ Kc7 99.Qg3+ Kd8
100.Qg8+ Ke7 101.Qg7+ Kd6 102.Qg6+  1/2-1/2

[Event "Wch U18 Girls"]
[Site "Duisburg"]
[Date "1992.??.??"]
[Round "6"]
[White "Lendvai, Noemi"]
[Black "Segal, Anna"]
[Result "0-1"]
[WhiteElo "2175"]
[BlackElo "2190"]

1.e4 g6 2.d4 Bg7 3.Nc3 c6 4.Be3 d5 5.h3 dxe4 6.Nxe4 Nd7 7.Nf3 Ngf6 8.Nxf6+ Nxf6
9.Bc4 Nd5 10.O-O O-O 11.Qd2 b5 12.Bb3 Nxe3 13.Qxe3 c5 14.dxc5 Bb7 15.Rad1 Qc7
16.c3 e6 17.Rd2 Rac8 18.Rfd1 Qxc5 19.Rd7 Qxe3 20.fxe3 Bxf3 21.gxf3 a5 22.Rb7 a4
23.Bc2 a3 24.Rxb5 axb2 25.Rxb2 Rxc3 26.Bb3 Rxe3 27.Rf2 Rb8 28.Kg2 Bf6 29.Rc2 Rb5
30.Rc8+ Kg7 31.Rc7 Rf5 32.Rdd7 Bh4 33.Rc4 Re2+ 34.Kg1 Bg5 35.Re4 Rb2 36.Bxe6 Rxf3
37.Bd5 Be3+  0-1

[Event "Eger Agria"]
[Site "Eger"]
[Date "1992.??.??"]
[Round "?"]
[White "Carstens, Andreas"]
[Black "Siebrecht, Sebastian"]
[Result "1/2-1/2"]
[WhiteElo "2360"]
[BlackElo "2310"]

1.e4 g6 2.d4 Bg7 3.Nc3 c6 4.Bc4 d6 5.Qf3 e6 6.Nge2 Qe7 7.Be3 Nd7 8.Bb3 Ngf6
9.O-O-O e5 10.h3 O-O 11.g4 b5 12.Ng3 a5 13.a4 b4 14.Nb1 exd4 15.Bxd4 Ne5
16.Qe3 c5  1/2-1/2

[Event "Eger Agria"]
[Site "Eger"]
[Date "1992.??.??"]
[Round "?"]
[White "Almasi, Istvan"]
[Black "Siebrecht, Sebastian"]
[Result "1-0"]
[WhiteElo "2430"]
[BlackElo "2310"]

1.e4 g6 2.d4 Bg7 3.Nc3 c6 4.Bc4 d6 5.Qf3 e6 6.Nge2 Nd7 7.O-O b5 8.Bxb5 cxb5
9.Nxb5 Nb6 10.Bf4 Nc4 11.Qc3 a6 12.Qxc4 axb5 13.Qxb5+ Bd7 14.Qb4 e5 15.Be3 Rb8
16.Qa3 Ne7 17.Rfd1 O-O 18.dxe5 dxe5 19.Qa7 Nc6 20.Qxd7 Qxd7 21.Rxd7 Rxb2
22.Rd2 Ra8 23.Nc1 Nb4 24.c3 Nc2 25.Nd3 Nxa1 26.Rxb2 f5 27.Kf1 Rc8 28.Bd2 fxe4
29.Ne1 e3 30.fxe3 Ra8 31.Nd3 e4 32.Nc5 Re8 33.Rb4 Bf8 34.Rxe4 Rd8 35.Rd4 Ra8
36.Ra4 Rb8 37.Nd7 Rb2 38.Ke2 Bd6 39.c4 Bxh2 40.c5 h5 41.Kd3 Bg3 42.c6 h4
43.Ra7 g5 44.Nf6+ Kf8 45.Rb7 Rxb7 46.cxb7 Ke7 47.Ne4 Bb8 48.Nxg5  1-0

[Event "Forli op"]
[Site "Forli"]
[Date "1992.??.??"]
[Round "3"]
[White "Pamuk, Murat"]
[Black "Fries Nielsen, Jens Ove"]
[Result "0-1"]
[WhiteElo "2220"]
[BlackElo "2385"]

1.e4 g6 2.d4 Bg7 3.Nc3 c6 4.Nf3 d5 5.h3 Nh6 6.Bf4 f6 7.Be2 Nf7 8.e5 fxe5
9.dxe5 e6 10.h4 Nd7 11.h5 Nfxe5 12.Nxe5 Nxe5 13.Qd2 Nf7 14.hxg6 hxg6 15.Rxh8+ Bxh8
16.O-O-O e5 17.Bg3 Qg5 18.Qxg5 Nxg5 19.f4 exf4 20.Bxf4 Bf6 21.Bd3 Bf5 22.Bxf5 gxf5
23.Ne2 O-O-O 24.Ng3 Ne6 25.Bd2 f4 26.Nh5 Bg5 27.Re1 Kd7 28.Re5 Rh8 29.g4 fxg3
30.Nxg3 Bxd2+ 31.Kxd2 Kd6 32.Re2 Nd4 33.Rf2 Ne6 34.c3 Rg8 35.Nf5+ Ke5 36.Ne3 Rg7
37.Nc2 Nc5 38.Rh2 Ne4+ 39.Ke2 c5 40.Rh5+ Kd6 41.Rh6+ Ke5 42.Rh5+ Rg5 43.Rxg5+ Nxg5
44.Ne1 Ne6 45.Nd3+ Kf5 46.Kf3 b6 47.Ke3 d4+ 48.cxd4 cxd4+ 49.Kd2 Ke4 50.Nf2+ Kd5
51.Nd3 a5 52.Ne1 Nc5 53.Kc2 Ke4 54.Kd2 d3 55.Ng2 Kd4 56.Nh4 Ne4+ 57.Kd1 Nd6
58.Nf3+ Ke3 59.Nd2 b5 60.Nf1+ Kd4 61.Kd2 Ne4+ 62.Kc1 a4 63.Kd1 b4 64.Kc1 a3
65.bxa3 bxa3 66.Kb1 Kc3 67.Ka1 Kc2 68.Ne3+ Kc1 69.Nc2 d2 70.Ne3 Nc5  0-1

[Event "Forli op"]
[Site "Forli"]
[Date "1992.??.??"]
[Round "4"]
[White "Gallagher, Joseph G"]
[Black "Trevisani, Bruno"]
[Result "1-0"]
[WhiteElo "2510"]
[BlackElo "2315"]

1.e4 g6 2.d4 Bg7 3.Nc3 c6 4.Nf3 d6 5.Be3 Nh6 6.Qd2 Ng4 7.Bg5 h6 8.Bh4 Nf6
9.Bd3 Bg4 10.O-O-O Qc7 11.e5 dxe5 12.dxe5 Nh5 13.Rde1 g5 14.Nxg5 hxg5 15.Bxg5 Be6
16.f4 Nd7 17.f5 Nc5 18.fxe6 Nxe6 19.Be3 Bxe5 20.Bc4 Nhg7 21.g3 b5 22.Bd3 Rd8
23.Rhf1 Nd4 24.Qf2 Rf8 25.Ne2 Qd6 26.Nxd4 Bxd4 27.Bxd4 Qxd4 28.Qf3 Qd6 29.Be4 Qh6+
30.Kb1 Rd6 31.Qf2 Ne6 32.Rd1 Nd8 33.Qxa7 f5 34.Rxd6 Qxd6 35.Bxf5  1-0